|
|
|
|
| LEADER |
00733nas a2200181 i 4500 |
| 001 |
acta42807 |
| 005 |
20260224081030.0 |
| 008 |
170519s2009 hu o 000 eng d |
| 022 |
|
|
|a 1417-3875
|
| 040 |
|
|
|a SZTE Egyetemi Kiadványok Repozitórium
|b hun
|
| 041 |
|
|
|a eng
|
| 100 |
1 |
|
|a Wang Tingxiu
|
| 245 |
1 |
0 |
|a Inequalities of solutions of Volterra integral and differential equations
|h [elektronikus dokumentum] /
|c Wang Tingxiu
|
| 260 |
|
|
|c 2009
|
| 300 |
|
|
|a 1-10
|
| 490 |
0 |
|
|a Electronic journal of qualitative theory of differential equations : special edition
|v 1 No. 28
|
| 695 |
|
|
|a Differenciálegyenlet, Volterra integrálegyenletek
|
| 856 |
4 |
0 |
|u http://acta.bibl.u-szeged.hu/42807/1/ejqtde_spec_001_2009_028_001-010.pdf
|z Dokumentum-elérés
|